000 01126nam a2200313Ia 4500
005 20220316235413.0
008 121119s1993 sp a gr 000 0 spa
020 _a8427270801
041 1 _aspa
082 0 4 _a784.46
_bD72m
100 1 _aDrew, Helen,
245 1 0 _aMi primer libro de música
_cHelen Drew ; fotografias de Dave King ; ilustraciones de Brian Delf; traducción de Josefina Caball Guerrero ; editor, Nicola Tuxworth
250 _aPrimera edición
264 1 _aBarcelona
_bMolino
_c1993
300 _a48 páginas
_bilustraciones
_c32 cm
336 _atexto
_btxt
_2rdacontent
337 _asin mediación
_bn
_2rdamedia
338 _avolumen
_bnc
_2rdacarrier
490 0 _aUn libro Dorling Kindersley
650 1 4 _2LEMB
_aMúsica
_xEnseñanza
650 1 4 _2LEMB
_aInstrumentos musicales
_xDiseño y construcción
650 1 4 _2LEMB
_aMúsica
_vTeorías
700 1 _aKing, Dave
_9118536
700 1 _aDelf, Brian
_eilustrador
_9118537
700 1 _aCaball Guerrero, Josefina
_etraductor
_9118538
700 1 _aTuxworth, Nicola
_eeditor
_9118539
942 _2ddc
_cBK
040 _aCO-BoRNBP
_bspa
_erda
_cCO-BoRNBP
999 _c856
_d856